000 00301nam a22001337a 4500
008 170224b xxu||||| |||| 00| 0 eng d
020 _a9780838514764
041 _aeng
080 _28 ED
_a617
100 _a5
101 _aSHK
245 _aCLINICIANS POCKET REFERENCE
_cGOMELLA.L.G
942 _2udc
_cBK
999 _c6219
_d6219